000 00270nam a2200109 a 4500
005 20140414132035.0
008 110322s19uu xx 00 eng d
050 _aTR
_bOn2 1996
100 _aMedearis, Angela Shelf
245 _aThe 100th day of school.
999 _c113697
_d113697